Statistics for NFL Teams most likely to win Super Bowl LIII

Click here to take the quiz!

General Stats

  • This quiz has been taken 58 times
    (34 since last reset)
  • The average score is 8 of 10

Answer Stats

Chance Record Team % Correct
31%12-2New Orleans Saints
93%
21%11-3Kansas City Chiefs
93%
10%9-5New England Patriots
90%
10%11-3Los Angeles Rams
90%
2%8-5-1Pittsburgh Steelers
83%
5%10-4Chicago Bears
76%
3%11-4Los Angeles Chargers
76%
5%9-6Baltimore Ravens
72%
2%8-6Seattle Seahawks
72%
4%10-4Houston Texans
66%

Score Distribution

Percentile by Number Answered

Percent of People with Each Score

Your Score History

You have not taken this quiz since the last reset